PSV Eindhoven Champions League XIs - Statistics

General Stats
  • This quiz has been taken 173 times
  • The average score is 19 of 90
Answer Stats
Answer % Correct
Luuk de Jong
78%
John de Jong
74%
Mark van Bommel
61%
Phillip Cocu
57%
Ruud van Nistelrooy
53%
Jeroen Zoet
48%
Arjen Robben
47%
Steven Bergwijn
43%
Romário
41%
Denzel Dumfries
40%
Heurelho Gomes
39%
Hirving Lozano
39%
Erwin Koeman
38%
Jeffrey Bruma
35%
André Ooijer
32%
Jetro Willems
31%
Jefferson Farfán
30%
Andrés Guardado
29%
Jan Vennegoor of Hesselink
29%
Davy Pröpper
28%
Ji-sung Park
28%
Mateja Kežman
28%
Santiago Arias
28%
Alex
27%
Boudewijn Zenden
27%
Jaap Stam
27%
Nick Viergever
27%
Ronald Waterreus
27%
Daniel Schwaab
26%
Gastón Pereiro
26%
Jorrit Hendrix
26%
Jürgen Locadia
26%
Wilfred Bouma
25%
Héctor Moreno
23%
Pablo Rosario
23%
Hans van Breukelen
22%
Ibrahim Afellay
22%
Luciano Narsingh
22%
Luc Nilis
22%
Andreas Isaksson
19%
Angeliño
19%
Young-pyo Lee
19%
Carlos Salcido
18%
Joshua Brenet
18%
Nicolas Isimat-Mirin
18%
Timmy Simons
18%
Arouna Koné
17%
Johann Vogel
17%
Michael Reiziger
17%
DaMarcus Beasley
16%
Danny Koevermans
16%
Dennis Rommedahl
16%
Otman Bakkal
16%
Arnold Bruggink
15%
Jason Culina
15%
Édison Méndez
14%
Jan Heintze
12%
Eric Addo
11%
Theo Lucius
11%
Wim Jonk
11%
Danko Lazović
10%
Dirk Marcellis
10%
Jan Kromkamp
10%
Joonas Kolkka
10%
Kasper Bogelund
10%
Adri van Tiggelen
9%
Arthur Numan
9%
Gerald Vanenburg
9%
Kevin Hofland
9%
Yuri Nikiforov
9%
Gheorghe Popescu
8%
Jérémie Bréchet
8%
Björn van der Doelen
7%
Ernest Faber
7%
Nordin Amrabat
6%
Tomasz Iwan
6%
Alcides
5%
Edward Linskens
5%
Gilles De Bilde
5%
Jürgen Dirkx
5%
Adil Ramzi
4%
Chris van der Weerden
4%
Diego Tardelli
4%
Dmitri Khokhlov
4%
Michael Lamey
4%
Patrick Lodewijks
4%
Peter Hoekstra
4%
Abel Xavier
3%
Ovidiu Stinga
3%
Željko Petrović
3%
No matching quizzes found
Score Distribution
Percent of People with Each Score
Percentile by Number Answered
Your Score History
You have not taken this quiz